000 00548nam a2200217Ia 4500
003 OSt
005 20220928144447.0
006 a|||||r|||| 00| 0
007 ta
008 220927b |||||||| |||| 00| 0 eng d
024 _a70994
037 _cTextual
040 _aSDCL
_cSDCL
_beng
041 _2eng
_aeng
082 _aO-973:g, L3
100 _aAaron Daniel
_9507758
245 0 _aUnwritten war
_bAmerican writers and civilwar
260 _c1973
942 _hO-973:g, L3
_cTEXL
_2CC
999 _c827278
_d827278